00000000nam 2200000zi 4500
0019.944941
003CaOODSP
00520250120151850
006m     o  d f      
007cr mn|||||||||
008241107t20252025ntcdb   ob   f000 0 eng d
020 |a9780660743851
040 |aCaOODSP|beng|erda|cCaOODSP
0410 |aeng|beng|bfre
043 |an-cn-nt
0861 |aFs97-13/1414E-PDF
1001 |aLea, Ellen V., |eauthor.
24510|aFishing effort and harvest reported by sentinel fishers in the Kittigaryuit and Okeevik regions of the Tarium Niryutait Marine Protected Area (2017-2019) / |cEllen V. Lea, Inuvik Hunters and Trappers Committee, Kathleen G.A. Matari, Jasmine D. Brewster, Jarrett Friesen, and Colin P. Gallagher.
264 1|aInuvik, Northwest Territories : |bFisheries and Oceans Canada, |c2025.
264 4|c©2025
300 |a1 online resource (v, 16 pages) : |bcharts, maps.
336 |atext|btxt|2rdacontent
337 |acomputer|bc|2rdamedia
338 |aonline resource|bcr|2rdacarrier
4901 |aCanadian data report of fisheries and aquatic sciences, |x1488-5395 ; |v1414
504 |aIncludes bibliographical references (pages 4-6).
520 |a"A program was implemented to collect fishing effort and harvest data from key harvesters (i.e., “Sentinel Fishers”) from Inuvik, Northwest Territories, who were fishing in the Kittigaryuit and Okeevik regions of the TNMPA during summer. Detailed catch records were collected from a total of seven Sentinel Fisher groups, harvesting from the Kittigaryuit region (i.e., East Whitefish) from 2017–2019 and the Okeevik region (i.e., Garry Island and Kendall Island) in 2018 and 2019, representing a total of 669 fishing hours and 153 net sets among locations and years. Anadromous, marine, and freshwater fish species were reported from these locations, with anadromous fishes dominating catches (88.3% overall) from both Kittigaryuit and Okeevik fishing locations. Mean catch-per-unit-effort varied widely among species, years, and regions. Altogether, these results address specific ecological indicators identified by the TNMPA Monitoring Plan, serve as a baseline for future assessments, and inform future research and monitoring"--Abstract, page iv.
546 |aIncludes abstracts in English and French.
650 0|aFishing|zNorthwest Territories|zInuvik|vStatistics.
650 0|aPêche sportive|zTerritoires du Nord-Ouest|zInuvik|vStatistiques.
655 7|aStatistics|2lcgft
655 7|aStatistiques|2rvmgf
7101 |aCanada. |bDepartment of Fisheries and Oceans, |eissuing body.
830#0|aCanadian data report of fisheries and aquatic sciences ;|v1414.|w(CaOODSP)9.505124
85640|qPDF|s1.93 MB|uhttps://publications.gc.ca/collections/collection_2025/mpo-dfo/Fs97-13-1414-eng.pdf